[Event "33. Senioren LEM Sachsen-Anhalt 65+"]
[Site "Maritim-Hotel Magdeburg"]
[Date "2025.07.10"]
[Round "4.30"]
[White "Krieg, Peter"]
[Black "Jaekel, Michael"]
[Result "0-1"]
[WhiteElo "1924"]
[BlackElo "1819"]
[PlyCount "84"]
[EventDate "2025.07.07"]
[WhiteTeam "SV Einheit Schwerin"]
[BlackTeam "Schach-Drachen Isernhagen"]

1. e4 d5 2. Nc3 d4 3. Nce2 e5 4. d3 Nc6 5. f4 Bd6 6. Nf3 Bg4 7. fxe5 Bxe5 8.
Nxe5 Nxe5 9. Bf4 f6 10. h3 Bh5 11. g4 Bf7 12. Bg2 Ne7 13. Qd2 Qd6 14. Qa5 N7c6
15. Qd2 O-O-O 16. Ng3 g6 17. Rf1 Rd7 18. a3 Qe6 19. Ne2 Kb8 20. Nc1 g5 21. Bg3
h5 22. gxh5 Bxh5 23. Qf2 Rf7 24. Nb3 Rd8 25. Kd2 b6 26. Qf5 Qd6 27. Rae1 Nc4+
28. dxc4 Qxg3 29. Rf2 Ne5 30. Kc1 d3 31. Nd2 dxc2 32. Kxc2 Nd3 33. Ref1 Nxf2
34. Rxf2 Qd3+ 35. Kc1 Qe3 36. e5 Qe1+ 37. Kc2 Bd1+ 38. Kc3 Qe3+ 39. Kb4 a5+ 40.
Kb5 Qc5+ 41. Ka6 Rxd2 42. Qe4 c6 0-1

[Event "33. Senioren LEM Sachsen-Anhalt 65+"]
[Site "Maritim-Hotel Magdeburg"]
[Date "2025.07.10"]
[Round "4.31"]
[White "Baerthel, Klaus"]
[Black "Moews, Harald"]
[Result "1-0"]
[WhiteElo "1918"]
[BlackElo "1800"]
[PlyCount "81"]
[EventDate "2025.07.07"]
[WhiteTeam "Naumburger Sportverein 1951"]
[BlackTeam "Ahrensburger TSV"]

1. e4 d5 2. exd5 Qxd5 3. Nc3 Qd8 4. d4 c6 5. Nf3 Bg4 6. Be2 e6 7. O-O Nf6 8. h3
Bh5 9. a3 Be7 10. Be3 Nbd7 11. Ne5 Bxe2 12. Qxe2 Nb6 13. Rfe1 O-O 14. Kh1 Rc8
15. Rad1 Qc7 16. Bf4 Bd6 17. Ne4 Nxe4 18. Qxe4 Nd5 19. Bh2 Rce8 20. c4 Nf6 21.
Qe2 c5 22. dxc5 Bxe5 23. Bxe5 Qxc5 24. Bd6 Qc6 25. Bxf8 Rxf8 26. b4 g6 27. Qe5
Nh5 28. c5 Re8 29. Qd6 Qa4 30. Qd7 Qxd7 31. Rxd7 Rb8 32. Red1 Kg7 33. Rd8 Rxd8
34. Rxd8 Nf6 35. Rb8 b6 36. cxb6 axb6 37. Rxb6 Nd5 38. Rb7 Kf6 39. a4 e5 40. a5
Ke6 41. a6 1-0

[Event "33. Senioren LEM Sachsen-Anhalt 65+"]
[Site "Maritim-Hotel Magdeburg"]
[Date "2025.07.10"]
[Round "4.32"]
[White "Brandt, Joachim"]
[Black "Wagner, Bernd"]
[Result "0-1"]
[WhiteElo "1818"]
[BlackElo "1902"]
[PlyCount "78"]
[EventDate "2025.07.07"]
[WhiteTeam "UNION 1861 Schoenebeck"]
[BlackTeam "SV Aufbau Bernburg"]

1. e4 c6 2. d4 d5 3. Nc3 dxe4 4. Nxe4 Nf6 5. Qe2 Nxe4 6. Qxe4 Nd7 7. Nf3 Nf6 8.
Qe2 Bg4 9. Be3 e6 10. h3 Bh5 11. g4 Bg6 12. Bg2 Bd6 13. O-O Qc7 14. Rad1 O-O
15. c4 Rfe8 16. Nh4 a5 17. Nxg6 hxg6 18. Qc2 a4 19. Bf3 a3 20. b3 Ra5 21. Bd2
Ra7 22. h4 Bf4 23. Kg2 Raa8 24. Rh1 Rad8 25. Bb4 Ra8 26. Bc3 Red8 27. Qe2 Rac8
28. g5 Nh7 29. h5 Nxg5 30. hxg6 fxg6 31. Bg4 Kf7 32. Rde1 Re8 33. Qd3 Rcd8 34.
Bd1 e5 35. f3 Qd6 36. c5 Qxc5 37. Qxg6+ Kxg6 38. Bc2+ Kf7 39. dxc5 Bd2 0-1

[Event "33. Senioren LEM Sachsen-Anhalt 65+"]
[Site "Maritim-Hotel Magdeburg"]
[Date "2025.07.10"]
[Round "4.33"]
[White "Ellerbrock, Manfred"]
[Black "Eberhardt, Michael"]
[Result "1-0"]
[WhiteElo "1894"]
[BlackElo "1794"]
[PlyCount "109"]
[EventDate "2025.07.07"]
[WhiteTeam "SV Rochade Neuenstadt"]
[BlackTeam "SC Agon Neumuenster"]

1. d4 Nf6 2. c4 g6 3. Nc3 d5 4. cxd5 Nxd5 5. e4 Nxc3 6. bxc3 c5 7. Bc4 Bg7 8.
Ne2 O-O 9. O-O Nc6 10. Be3 Na5 11. Bd3 cxd4 12. cxd4 e6 13. Rc1 Nc6 14. Bb1 Bd7
15. Qd2 Rc8 16. Rfd1 Qa5 17. Qb2 Qb4 18. Qxb4 Nxb4 19. a3 Nc6 20. d5 exd5 21.
exd5 Ne5 22. Bxa7 Nc4 23. Ba2 Nxa3 24. Bc5 Rfe8 25. Bxa3 Rxe2 26. Rxc8+ Bxc8
27. Bc4 Re4 28. Bb5 Rd4 29. Re1 h5 30. Re8+ Kh7 31. Rxc8 Rxd5 32. Bf1 Bd4 33.
Bc1 Rf5 34. Be3 Bxe3 35. fxe3 Rf6 36. Bc4 Kg7 37. Rc7 b6 38. Rb7 g5 39. e4 h4
40. e5 Rf4 41. Ba2 Kf8 42. Rxb6 Rf5 43. Rf6 Rxe5 44. Rxf7+ Ke8 45. h3 Re2 46.
Rf2 Re4 47. Bb1 Rd4 48. Bg6+ Ke7 49. Bh5 Ke6 50. Bg4+ Ke5 51. Rf5+ Ke4 52. Rxg5
Kf4 53. Rf5+ Ke3 54. Rh5 Kf4 55. Kh2 1-0

[Event "33. Senioren LEM Sachsen-Anhalt 65+"]
[Site "Maritim-Hotel Magdeburg"]
[Date "2025.07.10"]
[Round "4.34"]
[White "Just, Joachim"]
[Black "Peter, Volkhard"]
[Result "1-0"]
[WhiteElo "1887"]
[BlackElo "1750"]
[PlyCount "99"]
[EventDate "2025.07.07"]
[WhiteTeam "SV Motor Zeitz"]
[BlackTeam "SV Einheit Schwerin"]

1. e3 e5 2. c4 Nf6 3. b3 Be7 4. Bb2 d6 5. g3 Bf5 6. Nc3 O-O 7. Bg2 c6 8. d3
Nbd7 9. Nge2 Rb8 10. O-O Nc5 11. e4 Bg6 12. b4 Ne6 13. Qb3 a6 14. Nd1 Bh5 15.
f3 Qb6+ 16. Nf2 Qe3 17. Rae1 Qg5 18. Bc1 Qg6 19. g4 Ng5 20. gxh5 Nxf3+ 21. Kh1
Qxh5 22. Bxf3 Qxf3+ 23. Kg1 Ng4 24. Nxg4 Qxg4+ 25. Ng3 h5 26. Qd1 Qg6 27. Qxh5
Qxh5 28. Nxh5 Bh4 29. Re2 g6 30. Nf6+ Bxf6 31. Rxf6 Rfd8 32. Ref2 Rd7 33. Bb2
b5 34. c5 Rbd8 35. cxd6 Rxd6 36. Bxe5 Rxd3 37. Rxf7 Rd1+ 38. Kg2 R1d7 39. Rxd7
Rxd7 40. Rf6 Kh7 41. Rxc6 Rd2+ 42. Kg3 Rxa2 43. Rc7+ Kh6 44. Kg4 Rg2+ 45. Bg3
Re2 46. Bf4+ g5 47. Bxg5+ Kg6 48. Rc6+ Kf7 49. Kf5 Rf2+ 50. Bf4 1-0

[Event "33. Senioren LEM Sachsen-Anhalt 65+"]
[Site "Maritim-Hotel Magdeburg"]
[Date "2025.07.10"]
[Round "4.35"]
[White "Rudolph, Karl-Heinz"]
[Black "Matthews, Gabriel"]
[Result "1/2-1/2"]
[WhiteElo "1779"]
[BlackElo "1877"]
[PlyCount "68"]
[EventDate "2025.07.07"]
[WhiteTeam "SV Irxleben 1919"]

1. e4 e6 2. d4 d5 3. Nc3 Nf6 4. e5 Nfd7 5. Nf3 c5 6. Be3 b6 7. Be2 Ba6 8. O-O
Be7 9. Re1 Qc8 10. Nb5 Bxb5 11. Bxb5 a6 12. Bf1 Nc6 13. c3 O-O 14. Qd2 cxd4 15.
cxd4 Bb4 16. Qd1 Bxe1 17. Nxe1 f6 18. Qg4 f5 19. Qf4 Nd8 20. Rc1 Qb7 21. g4 g6
22. h4 Rf7 23. Qg3 Rc8 24. Rd1 Kf8 25. Bh6+ Ke8 26. h5 Nf8 27. gxf5 exf5 28.
hxg6 hxg6 29. Nf3 Nde6 30. Ng5 Nxg5 31. Bxg5 Rc6 32. Bg2 Rd7 33. Bf6 Qc8 34.
Bg5 Ne6 1/2-1/2

[Event "33. Senioren LEM Sachsen-Anhalt 65+"]
[Site "Maritim-Hotel Magdeburg"]
[Date "2025.07.10"]
[Round "4.36"]
[White "Mertens, Lothar"]
[Black "Albert, Gerhard"]
[Result "0-1"]
[WhiteElo "1709"]
[BlackElo "1875"]
[PlyCount "114"]
[EventDate "2025.07.07"]
[WhiteTeam "VfL Kalbe/Milde"]
[BlackTeam "Hamelner SV"]

1. e4 e5 2. Nf3 Nf6 3. Nxe5 d6 4. Nf3 Nxe4 5. Qe2 Qe7 6. d3 Nf6 7. Nc3 h6 8. h3
Bd7 9. Bd2 a6 10. Qxe7+ Bxe7 11. Be2 Nc6 12. O-O-O b5 13. g4 b4 14. Ne4 a5 15.
c4 bxc3 16. Nxf6+ Bxf6 17. Bxc3 Bxc3 18. bxc3 O-O 19. Rd2 Rab8 20. Rb2 Ne7 21.
Nd2 Nd5 22. Ne4 Bc6 23. Re1 Nf4 24. Bf1 Rxb2 25. Kxb2 Re8 26. Rd1 Bxe4 27. dxe4
Rxe4 28. Rd4 Re1 29. Rxf4 Rxf1 30. Kb3 Re1 31. Rc4 Rb1+ 32. Ka3 Rb7 33. Rc6 Kf8
34. Ra6 Rb5 35. Ka4 Rc5 36. Kb3 Ke7 37. f4 Ke6 38. c4 g5 39. fxg5 hxg5 40. Ra8
Ke5 41. Rf8 f6 42. Rf7 c6 43. Re7+ Kf4 44. Re6 Kg3 45. Re3+ Kh4 46. Rf3 d5 47.
cxd5 cxd5 48. a3 d4 49. a4 Rc3+ 50. Rxc3 dxc3 51. Kxc3 Kxh3 52. Kc4 Kxg4 53.
Kb5 f5 54. Kxa5 f4 55. Kb6 f3 56. a5 f2 57. a6 f1=Q 0-1

[Event "33. Senioren LEM Sachsen-Anhalt 65+"]
[Site "Maritim-Hotel Magdeburg"]
[Date "2025.07.10"]
[Round "4.37"]
[White "Reimers, Christine"]
[Black "Brekenkamp, Juergen"]
[Result "1-0"]
[WhiteElo "1752"]
[BlackElo "1852"]
[PlyCount "81"]
[EventDate "2025.07.07"]
[WhiteTeam "Itzehoer SV von 1923"]
[BlackTeam "SV Eintracht Tangerhuette"]

1. f4 e5 2. fxe5 d6 3. exd6 Bxd6 4. Nf3 g5 5. g3 g4 6. Nh4 Ne7 7. d4 Ng6 8.
Nxg6 hxg6 9. Qd3 Nc6 10. c3 f5 11. Bg2 Qf6 12. Qe3+ Ne7 13. Qf2 Qg7 14. Bf4 Bd7
15. Bxd6 cxd6 16. Nd2 d5 17. Nb3 O-O-O 18. Nc5 g5 19. e3 b6 20. Nxd7 Rxd7 21.
Kd2 Rf8 22. h4 gxh4 23. Rxh4 Rdd8 24. Rah1 Rh8 25. Rxh8 Rxh8 26. Rxh8+ Qxh8 27.
Bxd5 Qf6 28. Bb3 Qd6 29. Qg2 Kb8 30. Bc2 Qd7 31. Qf2 Kc7 32. e4 fxe4 33. Bxe4
Qe6 34. Qf4+ Kd7 35. b3 b5 36. Bd3 a6 37. Be2 Ke8 38. Bxg4 Qg6 39. Bd1 Qe6 40.
Bh5+ Kd7 41. Bg4 1-0

[Event "33. Senioren LEM Sachsen-Anhalt 65+"]
[Site "Maritim-Hotel Magdeburg"]
[Date "2025.07.10"]
[Round "4.38"]
[White "Hess, Juergen"]
[Black "Reicherter, Hermann"]
[Result "1-0"]
[WhiteElo "1928"]
[BlackElo "1735"]
[PlyCount "81"]
[EventDate "2025.07.07"]
[WhiteTeam "SG Arnstadt-Stadtilm"]
[BlackTeam "SC Grunbach"]

1. e4 c5 2. Nf3 Nc6 3. d4 cxd4 4. Nxd4 e5 5. Nb5 d6 6. a4 Be6 7. N1c3 h6 8. Nd5
Bxd5 9. exd5 Nce7 10. c4 a6 11. Nc3 Nf6 12. Bd3 Qd7 13. O-O Nf5 14. f4 e4 15.
Nxe4 Be7 16. Nxf6+ Bxf6 17. Bxf5 Qxf5 18. Re1+ Be7 19. Qe2 Qd7 20. Bd2 Rc8 21.
b3 Rc7 22. Ba5 Rc8 23. Bc3 Rg8 24. Qe4 Kf8 25. Re3 Bf6 26. Rae1 Bxc3 27. Rxc3
b5 28. axb5 axb5 29. Qd4 bxc4 30. Rxc4 g5 31. Qf6 Rxc4 32. Qxh6+ Rg7 33. Qh8+
Rg8 34. Qh6+ Rg7 35. bxc4 gxf4 36. Qxf4 Rg4 37. Qh6+ Kg8 38. Qe3 Rxc4 39. Qe8+
Qxe8 40. Rxe8+ Kg7 41. Rd8 1-0

[Event "33. Senioren LEM Sachsen-Anhalt 65+"]
[Site "Maritim-Hotel Magdeburg"]
[Date "2025.07.10"]
[Round "4.39"]
[White "Zechel, Rolf-Ruediger"]
[Black "Watermann, Bernd"]
[Result "1/2-1/2"]
[WhiteElo "1855"]
[BlackElo "1726"]
[PlyCount "122"]
[EventDate "2025.07.07"]
[WhiteTeam "SK Kaltenkirchen"]
[BlackTeam "Sf Barsinghausen"]

1. d4 d5 2. Nc3 e6 3. Bf4 f5 4. e3 Bd6 5. Bg3 Nf6 6. Nf3 c6 7. Ne5 O-O 8. Be2
Ne4 9. Nxe4 fxe4 10. c3 Nd7 11. Nf7 Rxf7 12. Bxd6 Qg5 13. Bg3 e5 14. h4 Qf6 15.
Qd2 exd4 16. exd4 Nb6 17. O-O-O Nc4 18. Bxc4 dxc4 19. Rdf1 Be6 20. Be5 Qe7 21.
h5 a5 22. Qe3 a4 23. a3 Bd5 24. g4 Rf3 25. Qd2 Raf8 26. Bg3 Rd3 27. Qe1 Qg5+
28. Kb1 Qxg4 29. Rfg1 Qf3 30. Be5 Rf7 31. Rg3 Qxf2 32. Qxf2 Rxf2 33. Rxg7+ Kf8
34. Rhg1 Rf7 35. Bd6+ Ke8 36. h6 Rdf3 37. Be5 e3 38. Rxf7 Kxf7 39. Kc1 e2 40.
Re1 Rf2 41. Kd2 Bf3 42. Bf4 Kf6 43. Be3 Rf1 44. Bf4 Kf5 45. Be5 Kg5 46. Bg7 Kf4
47. Be5+ Ke4 48. Bg3 b5 49. Be5 Kd5 50. Bg3 Ke4 51. Be5 Rxe1 52. Kxe1 Kd3 53.
Bg3 Kc2 54. Kf2 Bh5 55. Bd6 Kxb2 56. Bb4 Kc2 57. Ke1 Kd3 58. Ba5 Ke4 59. Bb4
Kf5 60. Bf8 Ke6 61. Kd2 Kd5 1/2-1/2

[Event "33. Senioren LEM Sachsen-Anhalt 65+"]
[Site "Maritim-Hotel Magdeburg"]
[Date "2025.07.10"]
[Round "4.40"]
[White "Maechler, Frank"]
[Black "Langner, Hans-Rainer"]
[Result "1-0"]
[WhiteElo "1848"]
[BlackElo "1721"]
[PlyCount "117"]
[EventDate "2025.07.07"]
[WhiteTeam "Naumburger Sportverein 1951"]
[BlackTeam "TSV Mariendorf 1897"]

1. d4 d5 2. Nf3 Bf5 3. Bf4 h6 4. e3 Nf6 5. h3 e6 6. c3 Bd6 7. Bxd6 Qxd6 8. Be2
O-O 9. O-O c5 10. dxc5 Qxc5 11. Nbd2 b6 12. Nb3 Qc7 13. Nbd4 Be4 14. Nb5 Qe7
15. Ne5 a6 16. Nd4 Nfd7 17. Nec6 Nxc6 18. Nxc6 Qg5 19. Bf3 f5 20. Nd4 Rf6 21.
Kh2 Ne5 22. g3 Nd3 23. h4 Qg6 24. Qd2 Qf7 25. Be2 f4 26. Bxd3 g5 27. Bxe4 dxe4
28. exf4 gxf4 29. Qe2 e5 30. Nb3 Rf8 31. Rg1 Qh7 32. Nd2 e3 33. Qc4+ Kh8 34.
Qe4 fxg3+ 35. Rxg3 Rxf2+ 36. Kg1 Qe7 37. Nf3 Rg8 38. Qxe3 Rxg3+ 39. Kxf2 Qg7
40. Rg1 Rxg1 41. Nxg1 Qf6+ 42. Nf3 Kg7 43. Qxe5 Qxe5 44. Nxe5 b5 45. Kf3 Kf6
46. Kf4 Ke6 47. h5 Kf6 48. Ng4+ Kg7 49. Kf5 a5 50. b3 Kh7 51. Kf6 a4 52. c4
axb3 53. axb3 bxc4 54. bxc4 Kh8 55. Kf7 Kh7 56. c5 Kh8 57. c6 Kh7 58. c7 Kh8
59. c8=Q+ 1-0

[Event "33. Senioren LEM Sachsen-Anhalt 65+"]
[Site "Maritim-Hotel Magdeburg"]
[Date "2025.07.10"]
[Round "4.41"]
[White "Sauter, Arthur"]
[Black "Grube, Kurt"]
[Result "1/2-1/2"]
[WhiteElo "1841"]
[BlackElo "1706"]
[PlyCount "89"]
[EventDate "2025.07.07"]
[WhiteTeam "SV Irxleben 1919"]
[BlackTeam "SG Osnabrueck"]

1. Nf3 Nf6 2. b3 d5 3. e3 c5 4. Bb2 e6 5. c4 Be7 6. Nc3 Nc6 7. cxd5 exd5 8. d4
O-O 9. Rc1 Bg4 10. Be2 Rc8 11. O-O b6 12. h3 Bh5 13. Ne5 Bxe2 14. Nxe2 Qc7 15.
f4 Ne4 16. Nxc6 Qxc6 17. Nc3 f5 18. Nxe4 dxe4 19. Qc2 Qd5 20. Rfd1 Qf7 21. Qc4
Bf6 22. Ba3 Be7 23. dxc5 Qxc4 24. Rxc4 Rfe8 25. Rd5 g6 26. b4 bxc5 27. bxc5
Red8 28. Rcd4 Re8 29. Ra4 Rc7 30. Kf2 Rec8 31. Ra5 Kf7 32. Ke2 Ke6 33. Re5+ Kf7
34. Rd5 Ke6 35. Rd2 Rb8 36. Rc2 Rb6 37. Bb2 Rcc6 38. Bd4 Bd8 39. Ra4 a5 40. Kd2
Rb5 41. Rac4 Kd5 42. R4c3 Bc7 43. g3 Bd8 44. h4 h5 45. Rb3 1/2-1/2

[Event "33. Senioren LEM Sachsen-Anhalt 65+"]
[Site "Maritim-Hotel Magdeburg"]
[Date "2025.07.10"]
[Round "4.42"]
[White "Hurek, Werner"]
[Black "Gismann, Juergen"]
[Result "1-0"]
[WhiteElo "1738"]
[BlackElo "1810"]
[PlyCount "109"]
[EventDate "2025.07.07"]
[WhiteTeam "SC 1924 Lampertheim"]
[BlackTeam "USC Magdeburg"]

1. e4 e5 2. Nf3 d6 3. c3 Nf6 4. d4 exd4 5. cxd4 Nxe4 6. Bd3 Nf6 7. O-O Be7 8.
Re1 O-O 9. Bg5 Nd5 10. Bxe7 Nxe7 11. Qe2 Nd5 12. Qe4 Nf6 13. Qh4 h6 14. Nc3 Be6
15. Ne4 Nbd7 16. Ng3 d5 17. Re2 Ng4 18. Nf5 Bxf5 19. Bxf5 Qxh4 20. Nxh4 Ngf6
21. Rae1 Rfd8 22. Re7 Kf8 23. R7e3 Re8 24. Kf1 Nb6 25. b3 Rad8 26. Bd3 c6 27.
Nf5 Nc8 28. Rg3 Nh5 29. Rg4 Nf6 30. Rxg7 h5 31. Rxe8+ Rxe8 32. Rg5 Re6 33. h3
Nd6 34. Ng7 Re7 35. Nxh5 Nde4 36. Bxe4 Nxe4 37. Re5 Rxe5 38. dxe5 d4 39. Nf4 c5
40. f3 Nc3 41. a3 Nb5 42. a4 Nc7 43. Nd3 b6 44. f4 Nd5 45. h4 Ne3+ 46. Kf2 Nd5
47. g4 Kg7 48. f5 Ne3 49. Kf3 Nd5 50. g5 Ne3 51. Ke4 Nc2 52. h5 Na1 53. h6+ Kh7
54. Ne1 Nc2 55. e6 1-0

[Event "33. Senioren LEM Sachsen-Anhalt 65+"]
[Site "Maritim-Hotel Magdeburg"]
[Date "2025.07.10"]
[Round "4.43"]
[White "Schmechtig, Hans-Christian"]
[Black "Suliga, Eckhard"]
[Result "0-1"]
[WhiteElo "1794"]
[BlackElo "1585"]
[PlyCount "50"]
[EventDate "2025.07.07"]
[WhiteTeam "SV Kali Wolmirstedt"]
[BlackTeam "SC Turm Lueneburg"]

1. e4 e6 2. d4 d5 3. e5 c5 4. c3 Nc6 5. Nf3 Qb6 6. Bd3 Bd7 7. Bc2 Rc8 8. O-O
cxd4 9. cxd4 Nb4 10. Nc3 Nxc2 11. Qxc2 Ne7 12. a3 Nf5 13. Be3 Be7 14. Qd2 O-O
15. Rac1 Rc4 16. Ne2 Rfc8 17. Rxc4 Rxc4 18. Rc1 Bb5 19. Nf4 Qc7 20. Rxc4 Qxc4
21. h3 b6 22. g4 Nxe3 23. Qxe3 Qc2 24. Qd2 Qxd2 25. Nxd2 Bg5 0-1

[Event "33. Senioren LEM Sachsen-Anhalt 65+"]
[Site "Maritim-Hotel Magdeburg"]
[Date "2025.07.10"]
[Round "4.44"]
[White "Ogrisek, Gerd"]
[Black "Fleischer, Martin"]
[Result "0-1"]
[WhiteElo "1714"]
[BlackElo "1782"]
[PlyCount "102"]
[EventDate "2025.07.07"]
[WhiteTeam "SV Rochade Magdeburg"]
[BlackTeam "SV Einheit Schwerin"]

1. e4 e6 2. d4 d5 3. exd5 Qxd5 4. Nf3 Nf6 5. Bd3 Be7 6. O-O a6 7. Nc3 Qd8 8.
Re1 O-O 9. Ne5 Nbd7 10. Bf4 Re8 11. Bg3 Nf8 12. Ne4 Nxe4 13. Bxe4 f6 14. Nf3
Bd6 15. Bxd6 cxd6 16. c3 f5 17. Bc2 Bd7 18. Qd2 Ng6 19. Bb3 Qf6 20. Qg5 Qxg5
21. Nxg5 Nf8 22. Nf3 Kf7 23. Re3 Kf6 24. Rae1 g5 25. Rd1 g4 26. Nd2 b5 27. Rde1
h5 28. f3 d5 29. f4 Ng6 30. g3 h4 31. Kf2 Rh8 32. Kg2 Rh6 33. Rh1 Rah8 34. Ree1
Ne7 35. Bc2 Nc8 36. Bb3 Bc6 37. Bc2 Nd6 38. Nf1 Ne4 39. Bxe4 dxe4 40. Ne3 a5
41. Kf2 hxg3+ 42. Kxg3 Rh3+ 43. Kg2 Rf3 44. Rhf1 Rhh3 45. Rxf3 Rxf3 46. Re2
Rxf4 47. Rf2 Kg5 48. Rxf4 Kxf4 49. Kf2 Kg5 50. Nf1 f4 51. Kg1 e3 0-1

[Event "33. Senioren LEM Sachsen-Anhalt 65+"]
[Site "Maritim-Hotel Magdeburg"]
[Date "2025.07.10"]
[Round "4.45"]
[White "Neubauer, Uwe"]
[Black "Ketelsen, Herbert"]
[Result "1-0"]
[WhiteElo "1782"]
[BlackElo "1648"]
[PlyCount "139"]
[EventDate "2025.07.07"]
[WhiteTeam "SK Anderten"]
[BlackTeam "SK Kaltenkirchen"]

1. c4 e6 2. Nc3 Be7 3. g3 Nf6 4. Bg2 c6 5. e4 O-O 6. e5 Ne8 7. Nf3 Nc7 8. O-O
d6 9. d4 dxe5 10. Nxe5 Bf6 11. Nf3 Nd7 12. Bf4 Nb6 13. b3 Ne8 14. c5 Nd7 15.
Qc2 g6 16. Rad1 Ng7 17. Ne4 Be7 18. Bh6 Nf6 19. Rfe1 Nd5 20. Qb2 Re8 21. Bxg7
Kxg7 22. Nfd2 Nf6 23. Nc4 Nd5 24. Ncd6 Bxd6 25. Nxd6 Re7 26. b4 Qc7 27. Rd3 Bd7
28. Qe2 Nxb4 29. Rb3 a5 30. a3 Nd5 31. Rxb7 Qd8 32. Bxd5 cxd5 33. Reb1 Bc6 34.
Rxe7 Qxe7 35. Rb6 Qc7 36. Nb5 Qd7 37. Nc3 Rc8 38. Qe5+ f6 39. Qe1 Qe8 40. f4
Rc7 41. Ne2 Qd7 42. Qxa5 Ra7 43. Qc3 Qc7 44. Nc1 Ra4 45. Nd3 Rc4 46. Qb2 Kh6
47. Nb4 Bd7 48. Na6 Qc8 49. Nb8 Be8 50. Rb4 Bf7 51. Rxc4 dxc4 52. c6 Qc7 53.
Nd7 Qxc6 54. Nxf6 c3 55. Qc2 Qc4 56. Ne4 Qxd4+ 57. Kg2 Be8 58. Nxc3 Bc6+ 59.
Kf1 Qc4+ 60. Ke1 Bb5 61. Kd2 Qd4+ 62. Kc1 Qe3+ 63. Qd2 Qc5 64. Kb2 Bc4 65. f5+
Kg7 66. f6+ Kxf6 67. Ne4+ Ke5 68. Nxc5 Kf6 69. Qc3+ Ke7 70. Qxc4 1-0

[Event "33. Senioren LEM Sachsen-Anhalt 65+"]
[Site "Maritim-Hotel Magdeburg"]
[Date "2025.07.10"]
[Round "4.46"]
[White "Kuehne, Juergen"]
[Black "Weigelt, Joachim"]
[Result "1/2-1/2"]
[WhiteElo "1691"]
[BlackElo "1782"]
[PlyCount "73"]
[EventDate "2025.07.07"]
[WhiteTeam "SV Irxleben 1919"]
[BlackTeam "VfB 07 Lettin"]

1. d4 Nf6 2. c4 g6 3. Nc3 Bg7 4. Nf3 O-O 5. e4 d6 6. Be2 Nbd7 7. O-O e5 8. dxe5
Nxe5 9. Nxe5 dxe5 10. Bg5 Qxd1 11. Raxd1 Be6 12. Bxf6 Bxf6 13. Nd5 Bxd5 14.
cxd5 Be7 15. Rc1 Bd6 16. Rc3 f5 17. f3 b6 18. Rc6 a5 19. g4 fxg4 20. fxg4 Rxf1+
21. Kxf1 Rf8+ 22. Kg2 Rf7 23. Rc3 Bc5 24. Rf3 Rxf3 25. Kxf3 g5 26. b3 Kf7 27.
Bb5 Ke7 28. h3 Ba3 29. Ke3 Kd6 30. Kd3 Kc5 31. Bc6 b5 32. Bd7 Kb4 33. Kc2 a4
34. Bc6 Ka5 35. Bd7 Bc5 36. Bc6 a3 37. Kd3 1/2-1/2

[Event "33. Senioren LEM Sachsen-Anhalt 65+"]
[Site "Maritim-Hotel Magdeburg"]
[Date "2025.07.10"]
[Round "4.47"]
[White "Wetterling, Manfred"]
[Black "Klimpel, Siegfried"]
[Result "1-0"]
[WhiteElo "1663"]
[BlackElo "1764"]
[PlyCount "69"]
[EventDate "2025.07.07"]
[WhiteTeam "Schachgemeinschaft Leipzig"]
[BlackTeam "TSV Kareth-Lappersdorf"]

1. d4 f5 2. e4 d6 3. Nc3 Nf6 4. Bd3 e6 5. Qe2 Qe7 6. Bg5 Nc6 7. Nf3 h6 8. Bxf6
gxf6 9. exf5 exf5 10. O-O-O Qxe2 11. Nxe2 Bd7 12. Nf4 O-O-O 13. c3 h5 14. Ng6
Rg8 15. Nfh4 Bh6+ 16. Kc2 Kb8 17. f4 Rg7 18. g3 Rdg8 19. Rde1 Rxg6 20. Nxg6
Rxg6 21. d5 Nd8 22. Re7 Kc8 23. Rxd7 Rxg3 24. hxg3 Kxd7 25. Bxf5+ Ke7 26. Rxh5
Bg7 27. Rh7 Kf8 28. Rh1 Nf7 29. Bg6 Nh8 30. Bf5 Nf7 31. Re1 Nh8 32. Kd3 b5 33.
Bd7 a6 34. Re8+ Kf7 35. Ra8 1-0

[Event "33. Senioren LEM Sachsen-Anhalt 65+"]
[Site "Maritim-Hotel Magdeburg"]
[Date "2025.07.10"]
[Round "4.48"]
[White "Webel, Hartmut"]
[Black "Bernhardt, Eduard"]
[Result "0-1"]
[WhiteElo "1652"]
[BlackElo "1741"]
[PlyCount "54"]
[EventDate "2025.07.07"]
[WhiteTeam "Krostitzer SV"]
[BlackTeam "VfB Ottersleben"]

1. d4 e5 2. dxe5 d6 3. Nf3 Bg4 4. exd6 Bxd6 5. h3 Bh5 6. e3 Nc6 7. Be2 Qe7 8.
Nbd2 O-O-O 9. c3 Nf6 10. Qc2 Bg6 11. Bd3 Kb8 12. Bxg6 hxg6 13. Nc4 Ne4 14. Nxd6
Rxd6 15. b3 Rd7 16. Bb2 f5 17. Nd4 Ne5 18. O-O-O Rhd8 19. Rhf1 c5 20. Nf3 Nd3+
21. Kb1 Rd6 22. c4 Nxb2 23. Rxd6 Rxd6 24. Kxb2 Qf6+ 25. Kb1 Nc3+ 26. Kc1 Ne2+
27. Qxe2 Qa1+ 0-1

[Event "33. Senioren LEM Sachsen-Anhalt 65+"]
[Site "Maritim-Hotel Magdeburg"]
[Date "2025.07.10"]
[Round "4.49"]
[White "Konig, Jon"]
[Black "Schwenke, Norbert"]
[Result "0-1"]
[WhiteElo "1505"]
[BlackElo "1747"]
[PlyCount "52"]
[EventDate "2025.07.07"]
[BlackTeam "SG Gruen-Weiss Dahlenwarsleben"]

1. e4 e5 2. Nf3 Nc6 3. Bc4 f5 4. Nc3 fxe4 5. Ng1 Qh4 6. g3 Qd8 7. d3 exd3 8.
Qf3 Qf6 9. Bxd3 Nd4 10. Qxf6 Nxf6 11. Be3 Bc5 12. O-O-O c6 13. h3 d5 14. Nge2
Nxe2+ 15. Bxe2 d4 16. Na4 Be7 17. Bxd4 exd4 18. Rxd4 O-O 19. Nc3 Bc5 20. Rf4
Be6 21. h4 Rae8 22. Rd1 b5 23. a3 a5 24. Bf3 Bxf2 25. Bxc6 Be3+ 26. Kb1 Bxf4
0-1

[Event "33. Senioren LEM Sachsen-Anhalt 65+"]
[Site "Maritim-Hotel Magdeburg"]
[Date "2025.07.10"]
[Round "4.50"]
[White "Ludwig, Richard"]
[Black "Christen, Pierre"]
[Result "0-1"]
[WhiteElo "1631"]
[BlackElo "2008"]
[PlyCount "52"]
[EventDate "2025.07.07"]
[WhiteTeam "SV Irxleben 1919"]
[BlackTeam "Schulschach IGS Trier"]

1. e4 c6 2. d4 d5 3. exd5 cxd5 4. Bd3 Nc6 5. c3 Qc7 6. Nf3 Bg4 7. Nbd2 Nf6 8.
Qc2 e6 9. O-O Bd6 10. g3 Rc8 11. Re1 O-O 12. Ng5 h6 13. Ngf3 Nb4 14. Qb1 Nxd3
15. Qxd3 Bf5 16. Qf1 g6 17. Ne5 b5 18. Re3 Bxe5 19. dxe5 Ng4 20. Re1 Nxe5 21.
Re3 Ng4 22. Rf3 Be4 23. Nxe4 dxe4 24. Rf4 f5 25. Qh3 Ne5 26. Rh4 Nf3+ 0-1

[Event "33. Senioren LEM Sachsen-Anhalt 65+"]
[Site "Maritim-Hotel Magdeburg"]
[Date "2025.07.10"]
[Round "4.51"]
[White "Zimmer, Franz"]
[Black "Freitag, Ingo"]
[Result "1/2-1/2"]
[WhiteElo "1727"]
[BlackElo "1625"]
[PlyCount "34"]
[EventDate "2025.07.07"]
[WhiteTeam "SG Trier 1877"]
[BlackTeam "VfL Kalbe/Milde"]

1. d4 Nf6 2. c4 e6 3. Nf3 d5 4. Bg5 Be7 5. e3 c6 6. Nc3 Nbd7 7. Rc1 O-O 8. Bd3
h6 9. Bh4 b6 10. O-O Bb7 11. cxd5 cxd5 12. Nb5 a6 13. Nc3 Rc8 14. Qe2 Nb8 15.
Ne5 Nfd7 16. Bg3 Nxe5 17. Bxe5 Bd6 1/2-1/2

[Event "33. Senioren LEM Sachsen-Anhalt 65+"]
[Site "Maritim-Hotel Magdeburg"]
[Date "2025.07.10"]
[Round "4.52"]
[White "Hensch, Frank"]
[Black "Stratmann, Alois"]
[Result "1-0"]
[WhiteElo "1592"]
[BlackElo "1681"]
[PlyCount "86"]
[EventDate "2025.07.07"]
[WhiteTeam "Postsportverein Magdeburg v 1926"]
[BlackTeam "Schachverein Ahlen 1954"]

1. c4 Nf6 2. e3 d6 3. Nc3 e5 4. h3 Be7 5. Be2 Bd7 6. d3 Bc6 7. e4 a6 8. a3 Nbd7
9. b4 b5 10. Bf3 Nb6 11. Be3 Na4 12. Nxa4 bxa4 13. Ne2 O-O 14. Ng3 Re8 15. Nf5
Bf8 16. O-O Be7 17. Rb1 Rb8 18. Qd2 Bd7 19. Rfc1 Bxf5 20. exf5 Qd7 21. Ba7 Ra8
22. Bxa8 Rxa8 23. Be3 Qxf5 24. Qe2 Qc8 25. Qf3 Rb8 26. c5 Qb7 27. Qxb7 Rxb7 28.
cxd6 Bxd6 29. Bc5 Kf8 30. Bxd6+ cxd6 31. Rc8+ Ke7 32. Rc6 Ra7 33. Rbc1 Nd5 34.
Re1 Kd7 35. Rc4 f6 36. Rg4 g6 37. h4 Rc7 38. Rc4 Rxc4 39. dxc4 Nc3 40. Re3 Nb1
41. f3 f5 42. g3 Nd2 43. Rc3 Nb3 1-0